| 000 | 00599nam a22001817a 4500 | ||
|---|---|---|---|
| 003 | UA-OsUOA | ||
| 001 | 15619 | ||
| 007 | ta | ||
| 008 | 20031119b un ||||| |||| 00| 0 ukr d | ||
| 100 | _aСірко М. | ||
| 942 | _cSA | ||
| 040 |
_aUA-OsUOA _cUA-OsUOA _dUA-OsUOA |
||
| 245 | _aЖиттєве кредо - служіння діттям : [Дир. Рівнен. проф. уч-ща N1 розповідає про цей навч. заклад] | ||
| 300 | _aС.1.3 | ||
| 955 | _a0 | ||
| 773 | 0 |
_w0 _tІмідж _dРівне _d2003 _g№14/Серп./ |
|
| 650 | 7 |
_aКраєзнавча робота _2UDC |
|
| 999 |
_c301784 _d301784 |
||